000 00340 a2200157 4500
001 61966
020 _a9788526291737
040 _cAnchieta - Pituba
100 _aVicentinho, Cláudio
240 1 0 _aRadix: História
_lpor
245 1 0 _aRadix: História
300 _a328
362 0 _a2013
650 4 _aHistória do mundo
942 _cBK
999 _c61966
_d61966